00231nam a2200097Ia 4500082001300000100001400013245003700027250001400064260004500078300001000123 a621bYAD aYadav,K.S aBasics of mechanical engineering a1st . Ed. bVaya Education of IndiaaNew Delhic2009 a501p.